Ulice w Gdańsku zaczynające się na G - Statystyki

Ogólne statystyki
  • Ten quiz został rozwiązany 14 razy
  • Średni wynik to 15 z 85
Statystyki odpowiedzi
Odpowiedź % Poprawnych
Gdańska
63%
Garncarska
50%
Gdyńska
50%
Górna
50%
Gorzowska
50%
Grzybowa
50%
Galla
38%
Gerwazego
38%
Gołębia
38%
Góralska
38%
Gościnna
38%
Gostyńska
38%
Grabowa
38%
Grodzka
38%
Grunwaldzka
38%
Gajowa
25%
Geodetów
25%
Głęboka
25%
Głogowska
25%
Głucha
25%
Goplańska
25%
Góreckiego
25%
Górnicza
25%
Gospody
25%
Gradowa
25%
Granitowa
25%
Grobla I
25%
Grobla II
25%
Grobla III
25%
Grobla IV
25%
Grota-Roweckiego
25%
Grudziądzka
25%
Guderskiego
25%
Gwiaździsta
25%
Gabrysiak
13%
Galaktyczna
13%
Gałczyńskiego
13%
Galileusza
13%
Gdańskiego Kolejarza
13%
Gdyńskich Kosynierów
13%
Geologów
13%
Gęsia
13%
Glinki
13%
Głogowa
13%
Gnieźnieńska
13%
Gnilna
13%
Gojawiczyńskiej
13%
Gołuńska
13%
Górecka
13%
Górskiego
13%
Górzysta
13%
Gotycka
13%
Goździkowa
13%
Grażyny
13%
Gronostajowa
13%
Gronowa
13%
Grubby
13%
Gryfa Pomorskiego
13%
Grząska
13%
Grzegorza z Sanoka
13%
Garbary
0%
Garczyńska
0%
Gazownicza
0%
Gdańca
0%
Giedroycia
0%
Giełguda
0%
Gierymskiego
0%
Głuszca
0%
Gomółki
0%
Gomulickiego
0%
Górka
0%
Górnowicza
0%
Goska
0%
Goszczyńskiego
0%
Goszyńska
0%
Gowidlińska
0%
Grabarczyka
0%
Grabowskiego
0%
Grodza Kamienna
0%
Grodzieńska
0%
Groszkowa
0%
Grottgera
0%
Gryglewskiego
0%
Gwiazda Morza
0%
Gwiazdowskiego
0%
Nie znaleziono quizów pasujących do podanych kryteriów
Rozkład punktacji
Procent ludzi z każdym wynikiem
Percentyl według liczby udzielonych odpowiedzi
Twoja historia wyników
Nie rozwiązałeś tego quizu